| 000 | 00525nam a2200205Ia 4500 | ||
|---|---|---|---|
| 005 | 20250425161320.0 | ||
| 008 | 250425s9999 xx 000 0 und d | ||
| 041 | _aeng | ||
| 082 | _a629.89 | ||
| 100 | _aGILL, ARTHUR | ||
| 245 | 0 | _aLINEAR SEQUENTIAL CIRCUITS: ANALYSIS; SYNTHESIS AND APPLICATIONS | |
| 250 | _a1ST ED. | ||
| 260 |
_aEstados Unidos _bMCGRAW HILL _c1967 |
||
| 260 | _aNEW YORK | ||
| 300 | _a215 | ||
| 650 | _aCIRCUITOS SECUENCIALES | ||
| 650 | _aSISTEMAS LINEALES | ||
| 942 | _c01 | ||
| 010 | _a17549 | ||
| 999 |
_c206744 _d206744 |
||